Návrh konkrétnej metódy vstupu na zahraničný trh: (vybraná malá/stredná firma) bakalárska práca

Saved in:
Bibliographic Details
Main Author: Mošková, Daniela
Corporate Author: Obchodná fakulta EU. Katedra medzinárodného obchodu
Other Authors: Zábojník, Stanislav, 1984-
Format: Book
Language:Slovak
Published: Bratislava 2023
Tags: Add Tag
No Tags, Be the first to tag this record!

MARC

LEADER 00000nbm a2200000 4500
001 0294807
005 20240206133249.5
041 0 |a slo 
044 |a SK 
245 1 0 |a Návrh konkrétnej metódy vstupu na zahraničný trh: (vybraná malá/stredná firma)  |b bakalárska práca  |c Daniela Mošková ; školiteľ: Stanislav Zábojník 
264 1 |a Bratislava  |c 2023 
300 |a 60 s. 
100 1 |a Mošková, Daniela 
700 1 |a Zábojník, Stanislav, 1984- 
710 2 |a Obchodná fakulta EU. Katedra medzinárodného obchodu